Visualizzazione normale
Vista MARC
- Reverberi Gianpiero
di Personal Name
Records bibliografici associati: 1
001 - CONTROL NUMBER
- control field: 7271
003 - CONTROL NUMBER IDENTIFIER
- control field: IT-RoPau
005 - DATE AND TIME OF LATEST TRANSACTION
- control field: 20140103160750.0
008 - FIXED-LENGTH DATA ELEMENTS
- fixed length control field: 140103|| aca||aabn | a|a d
040 ## - CATALOGING SOURCE
- Original cataloging agency: IT-RoPau
- Transcribing agency: IT-RoPau
100 ## - HEADING--PERSONAL NAME
- Personal name: Reverberi Gianpiero
- Dates associated with a name: Codice autore musica SPICS: 8146
- Relator term: Autore musica
- Name of part/section of a work: Se mi vuoi lasciare
670 ## - SOURCE DATA FOUND
- Source citation: Work cat.: (IT-RoPau)99754: AA.VV. 794, Juke box-I grandi successi italiani vol.04 (canzoni sulla spiaggia)